00460 a2200133 4500020001500000050001900015100003100034245011500065264005400180300002000234500002200254650002400276700002600300 a0850926696 aLB 2341.95 MOH aMohammed, JennifereAuthor aUnderstanding educational financing:ba manual for developing countries /cJennifer Mohammed and Samuel Lochan aUnited Kingdom:bCommon Wealth Secretariat,cxxxx av,195p. :bill. aIncludes glossary aEducational Finance aSamuel LochaneAuthor